1668 1083 1496 1855 1892 1220 1666 1333 1452 1306 1779 1615 1278 1766 1863 1650 1142 1417 1809 1797 1723 1508 1602 1860 1695 1190 1193 1566 1307 1263 1807 1700 1646 1588 1389 1154 1402 1499 1503 1057 1525 1671 1053 1189 1568 1531 1365 1324 1347 1465 1298 1848 1281 1704 1707 1982 1010 1950 1889 1424 1591 1832 1185 1967 1069 1269 1050 1067 1465 1116 1533 1403 1751 1607 1491 1096 1987 1038 1084 1704 1437 1521 1091 1821 1359 1728 1035 1436 1482 1427 1073 1054 1452 1231 1098 1691 1909 1023 1800 BCNSPRNW ULIB Ver.6.0+V

เปลี่ยนเป็นภาษาไทย

Change to English
 แสดงรายละเอียดบรรณานุกรม
  กลับหน้าหลัก

Brief Record : Get Marc (ISO 2709) : E-mail record : QR code < ปิดหน้าต่าง
LEADER : 00000nam 2200000uu 4500
001    13399127303
003     ULIB
008    200408s2562||||th 000 0 tha d
020    ^a9786164978577
040    ^acl
060 04 ^aWJ300^bก389ผ
100 0  ^aกันตพร ยอดใชย
245 10 ^aผู้ป่วยโรคไตเรื้อรัง: ^bการพยาบาลและการจัดการอาการ /^cกันตพร ยอดใชย
250    ^aพิมพ์ครั้งที่ 1
260    ^aสงขลา :^bคณะพยาบาลศาสตร์ มหาวิทยาลัยสงขลานครินทร์ วิทยาเขตหาดใหญ่,^c2562
300    ^a206 หน้า :^bภาพประกอบ ;^c25 ซม.
650  0 ^aKidneys^xDiseases
650  2 ^aKidney, Diseases
650  4 ^aไต^xโรค
650  4 ^aไตเรื้อรัง,โรค
710 2  ^aมหาวิทยาสงขลานครินทร์ วิทยาเขตหาดใหญ่.^bคณะพยาบาลศาสตร์
945    ^p280^l0^i006769
945    ^p280^l0^i006770
945    ^p280^l0^i006771
945    ^p280^l0^i006772
945    ^p280^l0^i006773
945    ^p280^l0^i006774
945    ^p280^l0^i006775
945    ^p280^l0^i006776
945    ^p280^l0^i006777
945    ^p280^l0^i006778
945    ^p280^l0^i006779
945    ^p280^l0^i006780
945    ^p280^l0^i006781
945    ^p280^l0^i006782
945    ^p280^l0^i006783
999    ^aประนอม เกษจรัล
รายการนี้ยังไม่มีแท็ก
คุณยังไม่ได้ล็อกอิน คุณสามารถมีกิจกรรมร่วมกับเว็บไซต์ได้ แต่ต้องล็อกอินก่อน ::
  ล็อกอิน

รายการสื่อสารสนเทศ

ลำดับที่ ประเภท เลขเรียก/บาร์โค้ด สถานที่ สถานะ
1. วิทยาศาสตร์การแพทย์ และสุขภาพ
หนังสือสำรอง
สถานะ=หนังสือสำรอง
WJ300 ก389ผ ฉ.1 
  Barcode: 006769
ห้องสมุดวิทยาเขตสวรรค์ประชารักษ์
►หนังสือทั่วไป
บนชั้น
2. วิทยาศาสตร์การแพทย์ และสุขภาพ
วิทยาศาสตร์การแพทย์ และสุขภาพ
WJ300 ก389ผ ฉ.10 
  Barcode: 006778
ห้องสมุดวิทยาเขตสวรรค์ประชารักษ์
►หนังสือทั่วไป
บนชั้น
3. วิทยาศาสตร์การแพทย์ และสุขภาพ
วิทยาศาสตร์การแพทย์ และสุขภาพ
WJ300 ก389ผ ฉ.11 
  Barcode: 006779
ห้องสมุดวิทยาเขตสวรรค์ประชารักษ์
►หนังสือทั่วไป
บนชั้น
4. วิทยาศาสตร์การแพทย์ และสุขภาพ
วิทยาศาสตร์การแพทย์ และสุขภาพ
WJ300 ก389ผ ฉ.12 
  Barcode: 006780
ห้องสมุดวิทยาเขตสวรรค์ประชารักษ์
►หนังสือทั่วไป
ถูกยืม กำหนดส่งวันที่ 4 กรกฎาคม 2568
  จอง
5. วิทยาศาสตร์การแพทย์ และสุขภาพ
วิทยาศาสตร์การแพทย์ และสุขภาพ
WJ300 ก389ผ ฉ.13 
  Barcode: 006781
ห้องสมุดวิทยาเขตสวรรค์ประชารักษ์
►หนังสือทั่วไป
บนชั้น
6. วิทยาศาสตร์การแพทย์ และสุขภาพ
วิทยาศาสตร์การแพทย์ และสุขภาพ
WJ300 ก389ผ ฉ.14 
  Barcode: 006782
ห้องสมุดวิทยาเขตสวรรค์ประชารักษ์
►หนังสือทั่วไป
บนชั้น
7. วิทยาศาสตร์การแพทย์ และสุขภาพ
วิทยาศาสตร์การแพทย์ และสุขภาพ
WJ300 ก389ผ ฉ.15 
  Barcode: 006783
ห้องสมุดวิทยาเขตสวรรค์ประชารักษ์
►หนังสือทั่วไป
บนชั้น
8. วิทยาศาสตร์การแพทย์ และสุขภาพ
วิทยาศาสตร์การแพทย์ และสุขภาพ
WJ300 ก389ผ ฉ.2 
  Barcode: 006770
ห้องสมุดวิทยาเขตสวรรค์ประชารักษ์
►หนังสือทั่วไป
บนชั้น
9. วิทยาศาสตร์การแพทย์ และสุขภาพ
วิทยาศาสตร์การแพทย์ และสุขภาพ
WJ300 ก389ผ ฉ.3 
  Barcode: 006771
ห้องสมุดวิทยาเขตสวรรค์ประชารักษ์
►หนังสือทั่วไป
บนชั้น
10. วิทยาศาสตร์การแพทย์ และสุขภาพ
วิทยาศาสตร์การแพทย์ และสุขภาพ
WJ300 ก389ผ ฉ.4 
  Barcode: 006772
ห้องสมุดวิทยาเขตสวรรค์ประชารักษ์
►หนังสือทั่วไป
บนชั้น
11. วิทยาศาสตร์การแพทย์ และสุขภาพ
วิทยาศาสตร์การแพทย์ และสุขภาพ
WJ300 ก389ผ ฉ.5 
  Barcode: 006773
ห้องสมุดวิทยาเขตสวรรค์ประชารักษ์
►หนังสือทั่วไป
บนชั้น
12. วิทยาศาสตร์การแพทย์ และสุขภาพ
วิทยาศาสตร์การแพทย์ และสุขภาพ
WJ300 ก389ผ ฉ.6 
  Barcode: 006774
ห้องสมุดวิทยาเขตสวรรค์ประชารักษ์
►หนังสือทั่วไป
บนชั้น
13. วิทยาศาสตร์การแพทย์ และสุขภาพ
วิทยาศาสตร์การแพทย์ และสุขภาพ
WJ300 ก389ผ ฉ.7 
  Barcode: 006775
ห้องสมุดวิทยาเขตสวรรค์ประชารักษ์
►หนังสือทั่วไป
บนชั้น
14. วิทยาศาสตร์การแพทย์ และสุขภาพ
วิทยาศาสตร์การแพทย์ และสุขภาพ
WJ300 ก389ผ ฉ.8 
  Barcode: 006776
ห้องสมุดวิทยาเขตสวรรค์ประชารักษ์
►หนังสือทั่วไป
บนชั้น
15. วิทยาศาสตร์การแพทย์ และสุขภาพ
วิทยาศาสตร์การแพทย์ และสุขภาพ
WJ300 ก389ผ ฉ.9 
  Barcode: 006777
ห้องสมุดวิทยาเขตสวรรค์ประชารักษ์
►หนังสือทั่วไป
บนชั้น

รายการใกล้เคียง
    ผู้แต่ง [กันตพร ยอดใชย]

    หัวเรื่อง [Kidney, Diseases]
    หัวเรื่อง [ไต โรค]
    หัวเรื่อง [ไตเรื้อรัง,โรค]

BibComment


ยังไม่เคยถูกคอมเมนท์

คอมเมนท์ทรัพยากรรายการนี้
  คอมเมนท์: ผู้ป่วยโรคไตเรื้..


 Copyright 2026. Bcnsprnw @Library